000 00201 a2200097 4500
001 12188
100 _aBakhsh Muhammad
245 _aSaif-ul-Malook
260 _a
_bSang-e-Meel
_c
090 _c9402
_d9402
942 _aNUST-CAE
_c36270
_cM
999 _c247261
_d247261